| 000 -LEADER |
| fixed length control field |
00557cam a2200181 a 4500 |
| 008 - FIXED-LENGTH DATA ELEMENTS--GENERAL INFORMATION |
| fixed length control field |
230601s2019 enkab j 001 1 eng d |
| 020 ## - INTERNATIONAL STANDARD BOOK NUMBER |
| International Standard Book Number |
9780241366912 |
| Qualifying information |
(hbk.) |
| 020 ## - INTERNATIONAL STANDARD BOOK NUMBER |
| Canceled/invalid ISBN |
9780241403525 |
| Qualifying information |
(ebk.) |
| 020 ## - INTERNATIONAL STANDARD BOOK NUMBER |
| Canceled/invalid ISBN |
9780241403532 |
| Qualifying information |
(PDF ebk.) |
| 082 0# - DEWEY DECIMAL CLASSIFICATION NUMBER |
| Classification number |
363.7 FRE |
| 100 1# - MAIN ENTRY--PERSONAL NAME |
| Personal name |
French, Jess. |
| 245 10 - TITLE STATEMENT |
| Title |
What a waste / |
| Statement of responsibility, etc. |
Jess French. |
| 260 ## - PUBLICATION, DISTRIBUTION, ETC. |
| Place of publication, distribution, etc. |
London : |
| Name of publisher, distributor, etc. |
Dorling Kindersley Limited, |
| Date of publication, distribution, etc. |
2019. |
| 300 ## - PHYSICAL DESCRIPTION |
| Extent |
72 p. : |
| Other physical details |
ill., 1 map ; |
| Dimensions |
29 cm. |
| 500 ## - GENERAL NOTE |
| General note |
"rubbish, recycling, and protecting our planet"--Cover. |
| 500 ## - GENERAL NOTE |
| General note |
Includes index. |
| 942 ## - ADDED ENTRY ELEMENTS (KOHA) |
| Source of classification or shelving scheme |
|